000 00308nam a2200109Ia 4500
008 220214s9999 xx 000 0 und d
100 _aRossetti AG
_cetal
245 0 _aSampling on the rubber tree nursery experimentation
260 _bPesquisa Agropecuaria Brasileira
_c1986
300 _a837-841
942 _cRE
999 _c45796
_d45796